000 00667nam a22002537a 4500
001 7511
003 FISKH
005 20250722145742.0
008 250722b cb ||||| |||| 00| 0 eng d
020 _a9781842392331
040 _aFISKH
_beng
_cFISKH
_dFISKH
050 _aPZ7
082 _a398.2
100 _aAlligator
245 _aBeauty and the beast /
_cBy Alligator
260 _aLondon :
_bAlligator Books Limited ,
_c2005.
300 _a20 pages :
_bcolor illustrations ;
_c24 cm .
490 _aA princess tale
505 _aK
521 8 _a510
_bLexile estimate
521 8 _aK
_bRaz-Plus
942 _2ddc
_cBK
_n0
999 _c7511
_d7511